• 首页
  • 本馆介绍
  • 公告通知
  • 最新文献
  • 馆藏检索
  • 电子资源
  • 读者导购
  • 参考咨询
  • 我的图书馆
  • 登录
  • 详细信息显示
  • 放入我的书架
  • 预约/预借图书
  • 作者相关作品
  • 分类相关作品
  • 丛书相关作品
  • 出版社相关作品

书目信息

  • 表格格式
  • 工作单格式
  • 卡片格式
题名:
装修材料全能王
    
 
作者: ;理想宅编辑部 编
分册:  
出版信息: 北京   中国电力出版社  2016.9
页数: 186页
开本: 24cm
丛书名:
单 册:
中图分类: TU56
科图分类:
主题词: 住宅--室内装修--装修材料--基本知识
电子资源:
ISBN: 978-7-5123-9663-0
000 00871nam0 2200241 450
001 0400004693
005 20171024160232.0
010    @a978-7-5123-9663-0@dCNY49.80
100    @a20170215d2016 em y0chiy50 ea
101 0  @achi
102    @aCN@b110000
105    @aa z 000yy
106    @ar
200 1  @a装修材料全能王@9zhuang xiu cai liao quan neng wang@f理想·宅编
210    @a北京@c中国电力出版社@d2016.9
215    @a186页@c彩图@d24cm
300    @a家装全能王
330    @a本书精选约100种装修必看建材,搭配精美的实景图解,从建材特性、市场价位,到施工方法、选购常识、日常维护、单品推荐等,深入地进行讲解。书中内容结合施工流程,深度剖析材料的购买技巧和应用方法。
606 0  @a住宅@x室内装修@x装修材料@x基本知识
690    @aTU56@v5
711 02 @a理想宅编辑部@9li xiang zhai bian ji bu@4编
801  0 @aCN@b91MARC@c20171024
905    @b1038870-4@dTU56@f5@e1326
    
    装修材料全能王/理想·宅编.-北京:中国电力出版社,2016.9
    186页:彩图;24cm
    家装全能王
    
    ISBN 978-7-5123-9663-0:CNY49.80
    本书精选约100种装修必看建材,搭配精美的实景图解,从建材特性、市场价位,到施工方法、选购常识、日常维护、单品推荐等,深入地进行讲解。书中内容结合施工流程,深度剖析材料的购买技巧和应用方法。
●
相关链接 在E读中查询图书 在五车中查询图书 在当当中查询图书 在豆瓣中查询图书


正题名:装修材料全能王     索取号:TU56/1326         预约/预借

序号 登录号 条形码 馆藏地/架位号 状态 备注
1 1038870   210388702   第二样本阅览室/ [索取号:TU56/1326] 在馆    
2 1038871   210388711   密集书库-生命科学系/ [索取号:TU56/1326] 在馆    
3 1038872   210388720   第三借阅区/ [索取号:TU56/1326] 在馆    
4 1038873   210388739   第三借阅区/ [索取号:TU56/1326] 在馆    
5 1038874   210388748   第三借阅区/ [索取号:TU56/1326] 在馆    
唐山师范学院图书馆 欢迎您!
大连网信软件有限公司© 版权所有